|
|
|
|
| LEADER |
00867pam a22002538a 4500 |
| 001 |
00037758 |
| 005 |
20171026081025.0 |
| 008 |
170514s2008 ||||||Viesd |
| 041 |
0 |
# |
|a Vie
|
| 082 |
1 |
4 |
|a 909.08
|b M458S
|
| 100 |
1 |
# |
|a Vũ, Dương Ninh
|e Chủ biên
|
| 245 |
1 |
0 |
|a Một số chuyên đề lịch sử thế giới
|c Vũ Dương Ninh (chủ biên)
|
| 250 |
# |
# |
|a In lần thứ ba
|
| 260 |
# |
# |
|a Hà Nội
|b Đại học Quốc Gia Hà Nội
|c 2008
|
| 300 |
# |
# |
|a 602tr.
|c 20.5 cm
|
| 653 |
# |
# |
|a chuyên đề lịch sử
|
| 653 |
# |
# |
|a thế giới
|
| 653 |
# |
# |
|a lịch sử
|
| 852 |
# |
# |
|b Kho mượn
|j KM.0022987
|
| 852 |
# |
# |
|b Kho đọc
|j KD.0022209
|
| 852 |
# |
# |
|j KD.0022209
|j KM.0022987
|
| 910 |
|
|
|d 14/05/2017
|
| 980 |
# |
# |
|a Trung tâm Học liệu Lê Vũ Hùng, Trường Đại học Đồng Tháp
|